| 000 | 00434nam a22001457a 4500 | ||
|---|---|---|---|
| 999 |
_c11981 _d11981 |
||
| 008 | 190114b ||||| |||| 00| 0 eng d | ||
| 020 | _a971-27-1025-4 | ||
| 082 |
_22000 _aDFil 899.2111 _bL11 |
||
| 245 |
_aDispensa/ _cJose F. Labaca |
||
| 260 |
_aPasig City: _bAdvil Publishing, _cc2000. |
||
| 300 |
_aPage 8; _c21 cm. |
||
| 500 | _aEdad medya: Mga tula sa katanghaliang gulang | ||
| 650 |
_aFilipino poetry _934030 |
||
| 942 |
_2ddc _cDFIL |
||